Bài tập tiếng Pháp 7

Сохранить в:
Библиографические подробности
Другие авторы: Nguyễn Hữu Thọ
Формат:
Язык:Vietnamese
Опубликовано: H. Giáo dục 2006
Редактирование:Tái bản lần thứ 1
Предметы:
Метки: Добавить метку
Нет меток, Требуется 1-ая метка записи!
Thư viện lưu trữ: Trung tâm Học liệu Lê Vũ Hùng, Trường Đại học Đồng Tháp
LEADER 00781pam a22002778a 4500
001 00026527
005 20171026081025.0
008 110815s2006 ||||||viesd
020 |c 5400 
041 0 # |a vie 
082 1 4 |a 448  |b B103T 
245 0 0 |a Bài tập tiếng Pháp 7  |c Nguyễn Hữu Thọ 
250 # # |a Tái bản lần thứ 1 
260 # # |a H.  |b Giáo dục  |c 2006 
300 # # |a 136 tr.  |c 24 cm. 
650 # 4 |a Bài tập 
650 # 4 |a Lớp 6 
650 # 4 |a Tiếng Pháp 
650 # 4 |a Sách giáo khoa 
700 1 # |a Nguyễn Hữu Thọ 
852 # # |j KD.0011300 
852 # # |b Kho đọc  |j KD.0011300 
910 |d 15/08/2011 
980 # # |a Trung tâm Học liệu Lê Vũ Hùng, Trường Đại học Đồng Tháp